000 00357nam a2200145Ia 4500
008 231129s2010||||xx |||||||||||||| ||spa||
020 _aISBN 13: 978-958-42-
040 _bspa
082 _aCo863 C756c
100 _aConstaí­n Juan Esteban
245 0 _aCalcio!
260 _c2010
264 _aPlaneta
942 _2ddc
_cBKS
999 _c6438
_d6438